Welcome to CU Library Online Public Access Catalogue (OPAC)

Organizational behavior / (Record no. 1411)

MARC details
000 -LEADER
fixed length control field 00601cam a22002054a 4500
001 - CONTROL NUMBER
control field 12136281
005 - DATE AND TIME OF LATEST TRANSACTION
control field 20241122095737.0
008 - FIXED-LENGTH DATA ELEMENTS--GENERAL INFORMATION
fixed length control field 000809s2001 txua b 001 0 eng
020 ## - INTERNATIONAL STANDARD BOOK NUMBER
International Standard Book Number 0030316812
020 ## - INTERNATIONAL STANDARD BOOK NUMBER
International Standard Book Number 9780030316814
050 00 - LIBRARY OF CONGRESS CALL NUMBER
Classification number HD58.7
Item number .D32 2001
082 00 - DEWEY DECIMAL CLASSIFICATION NUMBER
Classification number 658
Edition information 21
100 1# - MAIN ENTRY--PERSONAL NAME
Personal name Daft, Richard L.
245 10 - TITLE STATEMENT
Title Organizational behavior /
Statement of responsibility, etc. Richard L. Daft, Raymond A. Noe.
260 ## - PUBLICATION, DISTRIBUTION, ETC.
Place of publication, distribution, etc. Fort Worth :
Name of publisher, distributor, etc. Harcourt College Publishers,
Date of publication, distribution, etc. c2001.
300 ## - PHYSICAL DESCRIPTION
Extent xxxiv, 718 p. :
Other physical details col. ill. ;
Dimensions 27 cm.
650 #0 - SUBJECT ADDED ENTRY--TOPICAL TERM
Topical term or geographic name entry element Organizational behavior.
700 1# - ADDED ENTRY--PERSONAL NAME
Personal name Noe, Raymond A.
942 ## - ADDED ENTRY ELEMENTS (KOHA)
Source of classification or shelving scheme Library of Congress Classification
Koha item type Books
Suppress in OPAC No
999 ## -
-- 1411
-- 1411
Holdings
Withdrawn status Lost status Source of classification or shelving scheme Damaged status Not for loan Collection Home library Current library Shelving location Date acquired Total checkouts Full call number Barcode Date last seen Copy number Price effective from Koha item type
    Library of Congress Classification     Non-fiction Business Library (Miotso) Business Library (Miotso) General stacks 11/22/2024   HD58.7 .D32 2001 BSSM00000261 11/22/2024 1 11/22/2024 Books
    Library of Congress Classification     Non-fiction Business Library (Miotso) Business Library (Miotso) General stacks 11/22/2024   HD58.7 .D32 2001 BSSM00000262 11/22/2024 2 11/22/2024 Books
    Library of Congress Classification     Non-fiction Business Library (Miotso) Business Library (Miotso) General stacks 11/22/2024   HD58.7 .D32 2001 BSSM00000263 11/22/2024 3 11/22/2024 Books
    Library of Congress Classification     Non-fiction Business Library (Miotso) Business Library (Miotso) General stacks 11/22/2024   HD58.7 .D32 2001 BSSM00000264 11/22/2024 4 11/22/2024 Books
    Library of Congress Classification     Non-fiction Graduate Library (Christ Temple) Graduate Library (Christ Temple) General stacks 05/27/2025   HD 58.7 DAF GSCT00001324 05/27/2025 1 05/27/2025 Books
© 2023-2024 Copyright: Central University Libraries. All Rights Reserved | Created by: Mahone Tech Office